John Terce Quiz - Statistics

General Stats
  • This quiz has been taken 17 times
  • The average score is 6 of 6
Answer Stats
Hint Answer % Correct
What age is John Terce? 19
100%
How many grade 2s did he get? 8
100%
Where is he from? Cobh
100%
What car does Terce drive? Skoda Octavia
100%
What is Terce's dad's name? Joel
91%
What's his favourite dance move? Miming the lyrics
82%
No matching quizzes found
Score Distribution
Percent of People with Each Score
Percentile by Number Answered
Your Score History
You have not taken this quiz